Biologija vreditelej chlebnych zapasov.

Uložené v:
Podrobná bibliografia
Hlavný autor: Rumiancev, P. D.
Médium: Kniha
Jazyk:Slovak
Vydané: Moskva, 1959.
Fyzický popis: 295 s.
Tagy: Pridať tag
Žiadne tagy, Buďte prvý kto otaguje tento záznam!

MARC

LEADER 00000nam a22000004a 4500
001 000617618
005 20190531064430.0
008 190531s1959 xo e 000 0 slo d
040 |a SVKKK  |b slo  |c SVKKK  |e AACR2 
100 1 |a Rumiancev, P. D. 
245 1 0 |a Biologija vreditelej chlebnych zapasov. 
260 |a Moskva,  |c 1959. 
300 |a 295 s. 
500 |a Záznam revízie 
910 |a svkkk 
998 |a BK 
090 |g SCKHL  |k Sklad Pribinova 2. posch.  |a III.80415  |j 198660  |i 2720660508  |s Vyradená